00280 a2200109 4500001000700000020000600007040001100013100002200024240006000046245005500106362000900161165344 a  cMagnum aBrunel University10aStudy uk 2000: engineering, science and it editionlING10aStudy uk 2000: engineering, science and it edition0 a1899